00465cam a22001337a 4500008004000000082001600040100001500056245008000071260002900151300001000180650003500190999001900225952008700244180718b1980 xxu||||| |||| 00| 0 eng d aA6x5401 D26 aDas, Sukla aSocio-economic life of northern India: C.A.D. 550 ro A.D. 650cby Sukla Das aNew DelhibAbhinavc1980 a413p. aIndia - History - to 1200 A.D. c343511d343511 00104070aIIPAbIIPAd1993-09-29oA6x5401 D26p56201r2018-07-21w2018-07-21yBK